|
|
|
|
| LEADER |
00000cam a2200000 a 4500 |
| 001 |
vtls001460587 |
| 003 |
SK-MaSNL |
| 005 |
20260301104120.0 |
| 008 |
240226s2002 xo l gr 000 0 slo |
| 015 |
|
|
|a SNBA2003/12-04873
|
| 020 |
|
|
|a 8089042252
|
| 035 |
|
|
|a SNK000415894
|
| 035 |
|
|
|a urn:nbn:sk:snk-am3ix0j
|
| 035 |
|
|
|a 5E0F6BA7-FA96-4174-A268-28F5E519D990
|
| 035 |
|
|
|a urn:nbn:sk:snk-am00g3pi
|
| 040 |
|
|
|a SNK
|b slo
|c SNK
|e AACR2
|
| 041 |
1 |
|
|a slo
|h eng
|
| 044 |
|
|
|a xo
|c SK
|
| 072 |
|
7 |
|a 27-5
|x Kresťanské umenie a symbolika. Duchovný život
|2 konspekt
|
| 072 |
|
7 |
|a 27-1/-2
|x Kresťanská teológia. Dogmatická teológia
|2 konspekt
|
| 080 |
|
|
|a 27-584
|2 2011
|
| 080 |
|
|
|a 27-277
|2 2011
|
| 080 |
|
|
|a (048.8)
|2 2011
|
| 130 |
4 |
|
|a The discipleship series 2: Discipleship group
|l Slovensky
|9 442341
|
| 245 |
1 |
0 |
|a Učeník
|c preklad: Eva Pišteková
|
| 250 |
|
|
|a [1. vydanie]
|
| 260 |
|
|
|a Bratislava
|b Hlas pre Krista
|c c2002
|
| 300 |
|
|
|a 30 strán
|b tabuľky
|c 21 cm
|
| 490 |
1 |
|
|a Séria učeníctva
|v 2
|
| 500 |
|
|
|a Pravdepodobne preložené z angličtiny
|
| 650 |
0 |
7 |
|a duchovný život
|2 SNKPH
|9 1807
|
| 650 |
0 |
7 |
|a biblické štúdium
|2 SNKPH
|9 4152
|
| 655 |
|
7 |
|a štúdie
|2 SNKPH
|9 57033
|
| 700 |
1 |
|
|a Pišteková, Eva
|4 trl
|9 395856
|
| 830 |
|
0 |
|a Séria učeníctva
|9 442342
|
| 919 |
|
|
|a 80-89042-25-2
|
| 958 |
|
|
|a OP
|
| 958 |
|
|
|a NT
|
| 958 |
|
|
|a OND
|
| 968 |
|
|
|b ENG
|
| 999 |
|
|
|c 697290
|d 699220
|
| 952 |
|
|
|t P60, <03>, [BOOK], {603}
|a SNK
|b SNK
|y PREZ
|7 0
|p 17A0399077
|o snkSC 113154
|i snkKSP 12548/2003
|0 0
|1 0
|4 0
|d 2003-09-29
|f 1
|l 0
|r 2025-10-02 00:00:00
|w 2026-02-23
|
| 952 |
|
|
|t P60, <04>, [BOOK], {604}
|a SNK
|b SNK
|y VYP
|7 0
|p 17A0399076
|o snkSC 113154 D1
|i snkKSP 12549/2003
|0 0
|1 0
|4 0
|d 2003-09-29
|l 0
|r 2005-01-02 00:00:00
|w 2026-02-23
|